000 00812nam a2200229 a 4500
001 BRCA_296
005 20190320202941.0
008 890606s1988 mx-#---##b---#000-0#spa-#
020 _a9688630810
040 _aDLC
_cDLC
_dDLC
050 4 _aLA429.P8
_b.T67 1988
100 1 _aTorre Villar, Ernesto de la
_9989
245 1 0 _aHistoria de la educación en Puebla
_bépoca colonial
_cErnesto de la Torre Villar.
260 _aPuebla
_bUniversidad Autónoma de Puebla
_c1988
300 _a148 p.
_c21 cm.
440 0 _aColección Universidad y financiamiento
_9990
504 _aIncluye referencias bibliográficas
650 1 4 _aEducación
_xHistoria
_ySiglo XVI
_zMéxico
_9991
650 1 4 _aEducación
_xHistoria
_ySiglo XVII
_zMéxico
_9992
650 1 4 _aEducación
_xHistoria
_ySiglo XVIII
_zMéxico
_9993
942 _2lcc
_cB
999 _c238
_d238